Politicians, poets & con men : emotional history in late Victorian America /

Bibliographic Details
Main Author: Raffel, Burton
Format: Book
Language:English
Published: Hamden, Conn. : Archon, 1986.
Subjects:

MARC

Tag First Indicator Second Indicator Subfields
LEADER 00000cam a22000008a 4500
001 in00000426607
005 20151012055711.0
008 860122s1986 ctu b 00110ceng
010 |a  86001178  
020 |a 0208020675 (alk. paper) 
035 |a (OCoLC)13126233 
035 |9 ABV1215AM 
039 0 |a 2  |b 3  |c 3  |d 3  |e 3 
040 |a DLC  |c DLC  |d TXA  |d UtOrBLW 
043 |a n-us--- 
049 |a TXAM  |c [A09729014] 
050 0 0 |a E661  |b .R23 1986 
082 0 |a 973/.09/92  |a B  |2 19 
100 1 |a Raffel, Burton. 
245 1 0 |a Politicians, poets & con men :  |b emotional history in late Victorian America /  |c Burton Raffel. 
264 1 |a Hamden, Conn. :  |b Archon,  |c 1986. 
300 |a xi, 220 pages 
336 |a text  |b txt  |2 rdacontent 
337 |a unmediated  |b n  |2 rdamedia 
338 |a volume  |b nc  |2 rdacarrier 
500 |a Includes index. 
504 |a Bibliography: pages 205-212. 
651 0 |a United States  |x History  |y 1865-1921  |x Biography. 
651 0 |a United States  |v Biography. 
740 0 |a Politicians, poets, and con men. 
999 |a MARS 
999 f f |s 1b253a5e-72fe-3c06-b8eb-64422caed172  |i 78683239-7cec-3626-9ce5-31237b5dd5d0  |t 0 
952 f f |p ric  |a Texas A&M University  |b Rellis Campus  |c Joint Library Facility  |d Remote Storage  |t 0  |e E661 .R23 1986  |h Library of Congress classification  |i unmediated -- volume  |m A14809729014 
998 f f |a E661 .R23 1986  |t 0  |l Remote Storage